Selected papers
Αποθηκεύτηκε σε:
| Κύριος συγγραφέας: | |
|---|---|
| Άλλοι συγγραφείς: | |
| Μορφή: | Βιβλίο |
| Γλώσσα: | English Italian |
| Δημοσίευση: |
Berlin ; New York :
Springer,
c2006.
|
| Θέματα: | |
| Ετικέτες: |
Προσθήκη ετικέτας
Δεν υπάρχουν, Καταχωρήστε ετικέτα πρώτοι!
|
MARC
| LEADER | 00000cam a2200000 i 4500 | ||
|---|---|---|---|
| 001 | 1/83430 | ||
| 008 | 080421s2006 gr | ||| |||| ||eng|| | ||
| 020 | |a 9783540261698 | ||
| 020 | |a 3540261699 | ||
| 035 | |l 10096924 | ||
| 040 | |a GR-MyUA |b gre |e AACR2 | ||
| 041 | 1 | |a eng |a ita | |
| 082 | 0 | |a 510 |2 (22) | |
| 100 | 1 | |a De Giorgi, Ennio. | |
| 245 | 1 | 0 | |a Selected papers / |c Ennio De Giorgi ; [edited by Luigi Ambrosio ... κ.ά.]. |
| 260 | |a Berlin ; New York : |b Springer, |c c2006. | ||
| 300 | |a x, 888 σ. : |b πορτρ. ; |c 24 εκ. | ||
| 500 | |a 26 papers in English; 17 papers in original Italian version. | ||
| 500 | |a Τίτλος πρωτοτύπου: Selections. | ||
| 500 | |a "Published with the support of Unione Mathematica Italiana and Scuola Normale Superiore." | ||
| 504 | |a Περιέχει βιβλιογραφικές παραπομπές. | ||
| 650 | 0 | 0 | |a Mathematics. |
| 700 | 1 | |a Ambrosio, Luigi, |e edt | |
| 852 | |a INST |b SAMOS |e 20080421 |h 510 DEG |p 005300030453 |q 005300030453 |t BK |y 0 | ||
| 901 | |a BIBL3-2008-1 | ||
| 909 | |a Σ |b 151939 | ||
| 922 | |a 3ΕΛΗ |b 200803 |c ΕΠΕΑΕΚ2/ΤΜΗΜΑ ΜΑΘΗΜΑΤΙΚΩΝ |d ΕΛΕΥΘΕΡΟΥΔΑΚΗΣ | ||
| 970 | |a ΡΟΥΣΣΟΥ |b ΚΩΝΣΤΑΝΤΙΝΑ |z 2008/04/21 | ||